[Event "Korosztályos Bajnokság u12f"]
[Site "Balatonlelle"]
[Date "2015.06.19"]
[Round "2.10"]
[White "Forgacs, Andras"]
[Black "Karacsonyi, Gellert"]
[Result "0-1"]
[WhiteElo "1699"]
[BlackElo "2033"]
[PlyCount "78"]
[EventDate "2015.06.18"]
[EventType "swiss"]
[EventRounds "9"]
[EventCountry "HUN"]

1. d4 Nf6 2. Nf3 g6 3. c4 Bg7 4. Nc3 d5 5. e3 O-O 6. Be2 c6 7. cxd5 cxd5 8. O-O
Nc6 9. Bd2 Ne4 10. Qc2 Bf5 11. Bd3 Nb4 12. Qb1 Nxd3 13. Qxd3 Ng3 14. Qb5 Nxf1
15. Rxf1 e6 16. a4 Qd6 17. Na2 Qa6 18. Nc3 Qxb5 19. Nxb5 Bd3 20. Rc1 Bxb5 21.
axb5 Rfc8 22. Ra1 f6 23. Bc3 a6 24. b6 Rc6 25. Ba5 Rac8 26. h3 Rc1+ 27. Rxc1
Rxc1+ 28. Kh2 e5 29. Bc3 exd4 30. Nxd4 f5 31. Ne2 Rc2 32. Bxg7 Kxg7 33. Nc3
Rxc3 34. bxc3 a5 35. f3 a4 36. e4 fxe4 37. fxe4 a3 38. exd5 a2 39. c4 a1=Q 0-1

[Event "Korosztályos Bajnokság u12f"]
[Site "Balatonlelle"]
[Date "2015.06.19"]
[Round "2.11"]
[White "Toth, Abel Levente"]
[Black "Kratzmajer, Akos Gyorgy"]
[Result "1-0"]
[WhiteElo "1782"]
[BlackElo "1434"]
[PlyCount "97"]
[EventDate "2015.06.18"]
[EventType "swiss"]
[EventRounds "9"]
[EventCountry "HUN"]

1. e4 e5 2. Nf3 Nc6 3. Bc4 Bc5 4. c3 Nf6 5. d3 O-O 6. Nbd2 d6 7. Bb3 Bg4 8. h3
Bh5 9. Nf1 h6 10. Ng3 Bg6 11. O-O Ne7 12. Qe2 c6 13. Be3 Bb6 14. Nh4 Bh7 15.
Qf3 Bc7 16. Bxh6 gxh6 17. Qxf6 Ng6 18. Qxd8 Raxd8 19. Nhf5 Nf4 20. Nxh6+ Kg7
21. Ngf5+ Kf6 22. Rad1 Bb6 23. Kh2 d5 24. g3 Nh5 25. Ng4+ Ke6 26. Nge3 Bxf5 27.
Nxf5 Kf6 28. h4 dxe4 29. dxe4 Kg6 30. Kg2 Nf6 31. Kf3 Bc5 32. Bc2 a5 33. a3 b5
34. b4 Bb6 35. Bb3 a4 36. Ba2 c5 37. Nd6 Rd7 38. Nxb5 Rfd8 39. Rc1 Rd3+ 40. Kg2
Nxe4 41. Bb1 cxb4 42. cxb4 Kf5 43. Bxd3 Rxd3 44. Rfd1 Rxd1 45. Rxd1 Bxf2 46.
Rf1 Kg4 47. Rxf2 Nxf2 48. Kxf2 f5 49. Nd6 1-0

[Event "Korosztályos Bajnokság u12f"]
[Site "Balatonlelle"]
[Date "2015.06.19"]
[Round "2.12"]
[White "Bakos, Balazs"]
[Black "Blahota, Marcell"]
[Result "1/2-1/2"]
[WhiteElo "1769"]
[BlackElo "1472"]
[PlyCount "83"]
[EventDate "2015.06.18"]
[EventType "swiss"]
[EventRounds "9"]
[EventCountry "HUN"]

1. e4 c5 2. Nf3 Nc6 3. d4 cxd4 4. Nxd4 Nf6 5. Nc3 e5 6. Ndb5 d6 7. Bg5 a6 8.
Na3 b5 9. Nd5 Be7 10. Bxf6 Bxf6 11. c3 Bb7 12. Nc2 O-O 13. g3 Rc8 14. Bg2 Na5
15. Nce3 Nc4 16. Nxc4 Bxd5 17. Nxd6 Qxd6 18. Qxd5 Qxd5 19. exd5 Bg5 20. O-O
Rcd8 21. Rfe1 Rfe8 22. h4 Bf6 23. Rad1 Re7 24. Bh3 Rd6 25. Re2 Kf8 26. Bf5 g6
27. Be4 Rc7 28. Rc2 Bg7 29. g4 Rc4 30. f3 Ke7 31. b3 Rc5 32. g5 f5 33. gxf6+
Bxf6 34. a3 Bxh4 35. Rb1 Rb6 36. Rd1 Bg5 37. Kf2 Bf4 38. Rh1 h5 39. Rd1 g5 40.
c4 bxc4 41. bxc4 Kd6 42. Bf5 1/2-1/2

[Event "Korosztályos Bajnokság u12f"]
[Site "Balatonlelle"]
[Date "2015.06.19"]
[Round "2.13"]
[White "Bartok, David Dominik"]
[Black "Fodor, Kornel"]
[Result "0-1"]
[WhiteElo "1560"]
[BlackElo "1423"]
[PlyCount "72"]
[EventDate "2015.06.18"]
[EventType "swiss"]
[EventRounds "9"]
[EventCountry "HUN"]

1. e4 c5 2. c3 d5 3. exd5 Qxd5 4. d4 Nf6 5. Nf3 e6 6. Be3 cxd4 7. cxd4 Nc6 8.
a3 Be7 9. Nc3 Qd6 10. Bc4 O-O 11. O-O Rd8 12. Qe2 a6 13. Rfd1 b5 14. Bd3 Bb7
15. Rac1 h6 16. Bb1 Bf8 17. Rd2 Ne7 18. Ne5 Rac8 19. Rcd1 Ned5 20. Ne4 Nxe4 21.
Bxe4 Nc3 22. bxc3 Bxe4 23. Bxh6 gxh6 24. Qxe4 Rxc3 25. h3 Rxa3 26. d5 Ra4 27.
Qe3 Rc8 28. Rd4 Rxd4 29. Rxd4 f5 30. dxe6 Qxe6 31. f4 Bc5 32. Qg3+ Kh7 33. Qe3
Qb6 34. Nf3 Rd8 35. Qd3 Bxd4+ 36. Nxd4 Qxd4+ 0-1

[Event "Korosztályos Bajnokság u12f"]
[Site "Balatonlelle"]
[Date "2015.06.19"]
[Round "2.14"]
[White "Baski, Barnabas"]
[Black "Hegedus, Dominik"]
[Result "0-1"]
[WhiteElo "1419"]
[BlackElo "1847"]
[PlyCount "132"]
[EventDate "2015.06.18"]
[EventType "swiss"]
[EventRounds "9"]
[EventCountry "HUN"]

1. e4 c5 2. c3 Nf6 3. e5 Nd5 4. d4 cxd4 5. cxd4 Nc6 6. Nc3 Nxc3 7. bxc3 d6 8.
exd6 e6 9. Bf4 Bxd6 10. Bxd6 Qxd6 11. Nf3 Bd7 12. Be2 Rc8 13. O-O Na5 14. Qd2
Nc4 15. Bxc4 Rxc4 16. Ne5 Rc8 17. Rab1 b6 18. Rfc1 f6 19. Nxd7 Qxd7 20. Qd3 O-O
21. Qb5 Qxb5 22. Rxb5 Rfd8 23. Rbb1 Rc4 24. f4 Rdc8 25. Re1 Kf7 26. Rb4 Rxc3
27. Ra4 a5 28. h3 Rc2 29. Ra3 Rd2 30. Rb3 Rcc2 31. Rxb6 Rxg2+ 32. Kh1 Rh2+ 33.
Kg1 Rcg2+ 34. Kf1 Rxa2 35. Kg1 Rag2+ 36. Kf1 Rh1+ 37. Kxg2 Rxe1 38. Ra6 Re4 39.
Rxa5 Rxf4 40. d5 exd5 41. Rxd5 g5 42. Rd7+ Kg6 43. Rd8 h5 44. Rg8+ Kf5 45. Rc8
Rb4 46. Rc5+ Kf4 47. Rc2 Re4 48. Rf2+ Ke5 49. Rb2 Kf5 50. Rf2+ Rf4 51. Rb2 Re4
52. Rb5+ Re5 53. Rb2 g4 54. Rf2+ Kg5 55. Rd2 Re3 56. hxg4 hxg4 57. Rd5+ f5 58.
Rd8 Re2+ 59. Kf1 Ra2 60. Rg8+ Kf4 61. Rc8 Kg3 62. Rc3+ Kh4 63. Rc8 f4 64. Rh8+
Kg3 65. Rc8 f3 66. Rc3 Ra1+ {Rc2} 0-1

[Event "Korosztályos Bajnokság u12f"]
[Site "Balatonlelle"]
[Date "2015.06.19"]
[Round "2.15"]
[White "Forgacs, Attila Jr"]
[Black "Ongut, Tamas Gunes"]
[Result "1-0"]
[WhiteElo "1372"]
[BlackElo "1703"]
[PlyCount "85"]
[EventDate "2015.06.18"]
[EventType "swiss"]
[EventRounds "9"]
[EventCountry "HUN"]

1. e4 c5 2. Nf3 e6 3. d4 cxd4 4. Nxd4 Nc6 5. c4 Bc5 6. Nxc6 bxc6 7. Nc3 Ne7 8.
Be2 Bb7 9. Na4 Bb4+ 10. Bd2 Qa5 11. Nc3 Qd8 12. a3 Ba5 13. b4 Bc7 14. Be3 d5
15. exd5 cxd5 16. cxd5 Bxd5 17. Bf3 Be5 18. Rc1 Bxf3 19. Qxf3 Rc8 20. Bc5 Bd4
21. Rd1 Rxc5 22. bxc5 O-O 23. O-O e5 24. Nb5 Qc8 25. Nxd4 exd4 26. Rxd4 Qxc5
27. Rd7 Ng6 28. Qe3 Qc6 29. Rxa7 Nh4 30. Qg3 Nf5 31. Qf3 Qg6 32. a4 Nd4 33. Qe3
Nf5 34. Qe4 Qf6 35. a5 Nd6 36. Qf3 Nf5 37. g4 Qd4 38. Ra8 Nh4 39. Rxf8+ Kxf8
40. Qa8+ Ke7 41. Re1+ Kf6 42. Qc6+ Kg5 43. Qe4 1-0

[Event "Korosztályos Bajnokság u12f"]
[Site "Balatonlelle"]
[Date "2015.06.19"]
[Round "2.16"]
[White "Uzonyi, Peter"]
[Black "Csajbok, Levente Tamas"]
[Result "0-1"]
[WhiteElo "1300"]
[BlackElo "1586"]
[PlyCount "82"]
[EventDate "2015.06.18"]
[EventType "swiss"]
[EventRounds "9"]
[EventCountry "HUN"]

1. e4 e5 2. Nf3 Nc6 3. Bb5 a6 4. Ba4 Nf6 5. O-O b5 6. Bb3 Bc5 7. Re1 O-O 8. c3
d6 9. d4 Bb6 10. Nbd2 exd4 11. Nxd4 Nxd4 12. cxd4 Bxd4 13. Nf3 Bb6 14. Bg5 h6
15. Bh4 Bg4 16. Bd5 Rb8 17. Bc6 Qe7 18. Qd3 Bxf3 19. Qxf3 Bd4 20. Qd3 Bc5 21.
Qc3 Qe5 22. Bxf6 Qxf6 23. Qxf6 gxf6 24. Rac1 a5 25. b3 Rb6 26. Bd7 Rd8 27. Bf5
Rdb8 28. Red1 a4 29. Rc3 Ra6 30. h3 axb3 31. Rg3+ Kf8 32. axb3 Rba8 33. Bh7 Ke7
34. Rg7 Ra1 35. Rxa1 Rxa1+ 36. Kh2 Bxf2 37. Bg8 Kf8 38. Rxf7+ Kxg8 39. Rxf6 Be3
40. Rf3 Bd4 41. Rd3 Be5+ 0-1

[Event "Korosztályos Bajnokság u12f"]
[Site "Balatonlelle"]
[Date "2015.06.19"]
[Round "2.17"]
[White "Varga, Boldizsar"]
[Black "Lakatos, Tamas"]
[Result "1/2-1/2"]
[WhiteElo "1267"]
[BlackElo "1559"]
[PlyCount "88"]
[EventDate "2015.06.18"]
[EventType "swiss"]
[EventRounds "9"]
[EventCountry "HUN"]

1. d4 d5 2. c4 e6 3. Nc3 Nc6 4. e3 Nf6 5. Nf3 Be7 6. Be2 O-O 7. O-O Re8 8. Re1
a6 9. a3 h6 10. Qc2 dxc4 11. Bxc4 b5 12. Bd3 Bb7 13. b4 Bf8 14. Bb2 Qd7 15.
Rac1 Rad8 16. Ne4 Be7 17. Nxf6+ Bxf6 18. Be4 Nxb4 19. axb4 Bxe4 20. Qxe4 Qd6
21. Rc5 Qb6 22. Qc6 Be7 23. Qxb6 cxb6 24. Rc6 Bxb4 25. Rec1 Ba5 26. Kf1 b4 27.
Nd2 e5 28. Nb3 e4 29. Nxa5 bxa5 30. Rxa6 Ra8 31. Rxa8 Rxa8 32. Ra1 a4 33. Ke2
a3 34. Bc1 Rc8 35. Kd1 f5 36. Bd2 Rc4 37. g3 Kf7 38. Bxb4 Rxb4 39. Rxa3 Rb2 40.
Ke1 g6 41. Kf1 h5 42. h4 Rc2 43. Ra6 Rb2 44. Rc6 Ra2 1/2-1/2

[Event "Korosztályos Bajnokság u12f"]
[Site "Balatonlelle"]
[Date "2015.06.19"]
[Round "2.18"]
[White "Sagi, Kornel"]
[Black "Revesz, Hunor"]
[Result "1-0"]
[WhiteElo "1545"]
[BlackElo "1341"]
[PlyCount "57"]
[EventDate "2015.06.18"]
[EventType "swiss"]
[EventRounds "9"]
[EventCountry "HUN"]

1. e4 c5 2. Nf3 d6 3. d4 cxd4 4. Nxd4 Nf6 5. Nc3 g6 6. Be2 Bg7 7. Be3 O-O 8.
Qd2 Nc6 9. O-O-O Nxd4 10. Bxd4 a6 11. Bf3 e5 12. Bxe5 Nxe4 13. Nxe4 Bxe5 14.
Nxd6 Be6 15. Rhe1 Bg7 16. Kb1 Qb6 17. b3 Rfd8 18. Qf4 Qc5 19. Qe3 Qa3 20. Qc1
Qb4 21. Ne4 f5 22. c3 Qa5 23. Ng5 Bxb3 24. axb3 Rxd1 25. Rxd1 Bxc3 26. Bd5+ Kg7
27. Ne6+ Kh8 28. Kc2 Bb4 29. Qb2+ 1-0

[Event "Korosztályos Bajnokság u12f"]
[Site "Balatonlelle"]
[Date "2015.06.19"]
[Round "2.19"]
[White "Bernath, Bence"]
[Black "Virag, Balint"]
[Result "0-1"]
[WhiteElo "1196"]
[BlackElo "1518"]
[PlyCount "58"]
[EventDate "2015.06.18"]
[EventType "swiss"]
[EventRounds "9"]
[EventCountry "HUN"]

1. e4 e6 2. d4 d5 3. e5 c5 4. c3 Nc6 5. Nf3 Qb6 6. a3 Nge7 7. Bd3 Bd7 8. Be3
Qxb2 9. Nbd2 Qxc3 10. Ke2 cxd4 11. Bf4 Ng6 12. Bg3 Bxa3 13. Nb3 O-O 14. Rxa3
Qb2+ 15. Qd2 Qxa3 16. Nbxd4 Nxd4+ 17. Nxd4 a5 18. h4 Qb4 19. Nc2 Qxd2+ 20. Kxd2
a4 21. h5 Ne7 22. Bf4 a3 23. g4 Ra4 24. Ke3 b5 25. Bg5 Nc6 26. Bxb5 Rxg4 27.
Bxc6 Bxc6 28. Be7 Ra8 29. Nxa3 d4+ 0-1

[Event "Korosztályos Bajnokság u12f"]
[Site "Balatonlelle"]
[Date "2015.06.20"]
[Round "3.2"]
[White "Losonczi, Marcell"]
[Black "Persanyi, Barnabas"]
[Result "0-1"]
[WhiteElo "1672"]
[BlackElo "2032"]
[PlyCount "134"]
[EventDate "2015.06.18"]
[EventType "swiss"]
[EventRounds "9"]
[EventCountry "HUN"]
[WhiteClock "0:57:44"]
[BlackClock "1:17:29"]

1. e4 b6 2. d4 Bb7 3. f3 e6 4. c4 d5 5. Nc3 dxe4 6. fxe4 Bb4 7. Qa4+ Nc6 8. Nf3
Qd7 9. d5 Bxc3+ 10. bxc3 Ne5 11. Qxd7+ Nxd7 12. Ba3 Ngf6 13. Bd3 Ba6 14. Kd2
Ng4 15. Rab1 Nge5 16. Nxe5 Nxe5 17. Rb4 O-O-O 18. Ra4 Kb7 19. Be2 exd5 20. cxd5
Bxe2 21. Kxe2 Rhe8 22. Rf1 f6 23. h3 Nf7 24. Rd4 Nd6 25. Bxd6 Rxd6 26. Ke3 Re7
27. c4 Re5 28. g4 Ka6 29. Rd3 Rd8 30. Kf4 Rde8 31. Re1 Kb7 32. Ree3 Kc8 33. Ra3
Kb7 34. Rad3 Ra8 35. Re2 Kc8 36. Ke3 Kd7 37. Kd4 Kd6 38. a4 h5 39. gxh5 Rxh5
40. Rg2 Rg8 41. Rdg3 g5 42. Rf2 Ke7 43. Rff3 Rgh8 44. Ra3 Rh4 45. Raf3 Kf7 46.
Rxg5 Rxh3 47. Rgg3 Rxg3 48. Rxg3 Rh1 49. Ra3 Rh4 50. a5 f5 51. axb6 Rxe4+ 52.
Kd3 axb6 53. Ra7 Re7 54. Kd4 Kf6 55. Ra1 f4 56. Ra8 Kf5 57. Rf8+ Kg4 58. Rg8+
Kf3 59. c5 Re4+ 60. Kd3 bxc5 61. Rg7 Rd4+ 62. Kc3 Rxd5 63. Rxc7 Kf2 64. Kc4 Re5
65. Kd3 f3 66. Ra7 Kg2 67. Rg7+ Kf1 0-1

[Event "Korosztályos Bajnokság u12f"]
[Site "Balatonlelle"]
[Date "2015.06.20"]
[Round "3.3"]
[White "Dibusz, Domonkos"]
[Black "Leszko, Bence"]
[Result "1/2-1/2"]
[WhiteElo "1656"]
[BlackElo "1888"]
[PlyCount "84"]
[EventDate "2015.06.18"]
[EventType "swiss"]
[EventRounds "9"]
[EventCountry "HUN"]
[WhiteClock "0:58:56"]
[BlackClock "1:26:41"]

1. e4 c5 2. Nf3 a6 3. c4 Nc6 4. Nc3 e5 5. d3 d6 6. h3 Be7 7. Be2 Nf6 8. Bg5 h6
9. Bxf6 Bxf6 10. O-O O-O 11. Nd5 Be6 12. a3 Nd4 13. Nxd4 cxd4 14. Bg4 Bxd5 15.
cxd5 Qb6 16. Qe2 g6 17. g3 Bg7 18. Bf3 f5 19. Bg2 f4 20. g4 Rac8 21. Rac1 Rc5
22. Rc4 Rxc4 23. dxc4 Rc8 24. Rc1 Qb3 25. Qc2 Qxc2 26. Rxc2 Bf6 27. Bf1 Kf7 28.
Bd3 Be7 29. Kg2 Kf6 30. h4 Kf7 31. Kh3 Rc7 32. f3 Rc8 33. Rc1 Ke8 34. Rc2 Kd8
35. h5 g5 36. Kg2 Kc7 37. Kf2 Kb6 38. Ke2 Ka5 39. b3 Kb6 40. Kd2 Rc5 41. b4 Rc7
42. Rb2 Rc8 1/2-1/2

[Event "Korosztályos Bajnokság u12f"]
[Site "Balatonlelle"]
[Date "2015.06.20"]
[Round "3.4"]
[White "Karacsonyi, Gellert"]
[Black "Ronai, Akos Balazs"]
[Result "1/2-1/2"]
[WhiteElo "2033"]
[BlackElo "1607"]
[PlyCount "92"]
[EventDate "2015.06.18"]
[EventType "swiss"]
[EventRounds "9"]
[EventCountry "HUN"]

1. e4 c5 2. Nf3 e6 3. d4 cxd4 4. Nxd4 a6 5. Nc3 b5 6. Bd3 Bb7 7. O-O Nc6 8. Be3
Nf6 9. Qe2 Ne5 10. f4 Neg4 11. e5 Nxe3 12. Qxe3 Nd5 13. Nxd5 Bxd5 14. Be4 Bxe4
15. Qxe4 Bc5 16. c3 O-O 17. g4 Qb6 18. Rf3 Bxd4+ 19. cxd4 Rac8 20. Rh3 g6 21.
g5 Rc4 22. Rd1 Rfc8 23. Rhd3 b4 24. R3d2 a5 25. h4 a4 26. h5 b3 27. hxg6 fxg6
28. a3 Rc2 29. Kg2 Qa5 30. Qd3 Rxd2+ 31. Rxd2 Qxd2+ 32. Qxd2 Rc2 33. Qf2 h5 34.
gxh6 Kh7 35. Kg3 Rxf2 36. Kxf2 Kxh6 37. Kg2 g5 38. fxg5+ Kxg5 39. Kg3 Kf5 40.
Kf3 Kg5 41. Ke4 Kg4 42. d5 exd5+ 43. Kxd5 Kf5 44. Kd4 Kf4 45. Kd5 Kf5 46. Kd4
Kf4 1/2-1/2

[Event "Korosztályos Bajnokság u12f"]
[Site "Balatonlelle"]
[Date "2015.06.20"]
[Round "3.5"]
[White "Kovacsy, Barnabas"]
[Black "Pal, Istvan"]
[Result "1-0"]
[WhiteElo "1898"]
[BlackElo "1591"]
[PlyCount "69"]
[EventDate "2015.06.18"]
[EventType "swiss"]
[EventRounds "9"]
[EventCountry "HUN"]

1. e4 c5 2. Nf3 Nc6 3. d4 cxd4 4. Nxd4 Qb6 5. Nb3 Nf6 6. Nc3 e6 7. Be3 Qc7 8.
f3 a6 9. Nd4 Be7 10. Bd3 O-O 11. Qe2 b5 12. Qf2 Ne5 13. O-O Bb7 14. Nce2 d6 15.
Nf4 Bc8 16. Rac1 Nc4 17. Bxc4 Qxc4 18. Nd3 Bb7 19. Nb3 Bd8 20. Bb6 Qc6 21. Bxd8
Rfxd8 22. Na5 Qc7 23. Nxb7 Qxb7 24. Rfd1 Rac8 25. c3 Nd7 26. Rd2 Nb6 27. b3 Rc7
28. Nf4 Rcd7 29. Qg3 Kh8 30. Nh5 f6 31. Rcd1 Qc7 32. Nf4 Qc5+ 33. Qf2 Qe5 34.
Nd3 Qxc3 35. Qxb6 1-0

[Event "Korosztályos Bajnokság u12f"]
[Site "Balatonlelle"]
[Date "2015.06.20"]
[Round "3.6"]
[White "Erseki, Aron"]
[Black "Toth, Abel Levente"]
[Result "1/2-1/2"]
[WhiteElo "1686"]
[BlackElo "1782"]
[PlyCount "34"]
[EventDate "2015.06.18"]
[EventType "swiss"]
[EventRounds "9"]
[EventCountry "HUN"]

1. e4 e6 2. d4 d5 3. Nd2 Nf6 4. exd5 exd5 5. c3 Bd6 6. Bd3 O-O 7. Ne2 Re8 8.
O-O b6 9. Nf3 Bb7 10. Bg5 Nbd7 11. Qc2 h6 12. Bh4 c5 13. Rfe1 Qc7 14. Rad1 Rac8
15. Bb5 Ne4 16. Bxd7 Qxd7 17. Bg3 Nxg3 1/2-1/2

[Event "Korosztályos Bajnokság u12f"]
[Site "Balatonlelle"]
[Date "2015.06.20"]
[Round "3.7"]
[White "Kelemen, Szabolcs"]
[Black "Follardt, Lorinc"]
[Result "1-0"]
[WhiteElo "1781"]
[BlackElo "1498"]
[PlyCount "57"]
[EventDate "2015.06.18"]
[EventType "swiss"]
[EventRounds "9"]
[EventCountry "HUN"]

1. e4 d6 2. d4 g6 3. Nc3 Bg7 4. Be3 Nf6 5. f3 O-O 6. Qd2 e5 7. O-O-O Bd7 8. h4
h5 9. d5 a6 10. Bh6 Bb5 11. Bxg7 Kxg7 12. Nh3 Nbd7 13. Nf2 Nc5 14. g4 Bxf1 15.
Rdxf1 b5 16. gxh5 Nxh5 17. Ng4 Rh8 18. Rfg1 Nf4 19. Ne3 Kf8 20. Qh2 Qf6 21. Ng4
Qg7 22. Ne2 Na4 23. b3 Nc5 24. Kb1 Nxe2 25. Qxe2 Ke7 26. Qe3 Nd7 27. Qc3 f5 28.
Ne3 fxe4 29. Nf5+ 1-0

[Event "Korosztályos Bajnokság u12f"]
[Site "Balatonlelle"]
[Date "2015.06.20"]
[Round "3.8"]
[White "Fodor, Kornel"]
[Black "Hegedus, Dominik"]
[Result "0-1"]
[WhiteElo "1423"]
[BlackElo "1847"]
[PlyCount "58"]
[EventDate "2015.06.18"]
[EventType "swiss"]
[EventRounds "9"]
[EventCountry "HUN"]

1. e4 c5 2. Nf3 Nc6 3. d3 e6 4. g3 d5 5. Nbd2 Bd6 6. Bg2 Nge7 7. O-O Bd7 8. Re1
Qb6 9. exd5 exd5 10. Ng5 O-O 11. c4 Nb4 12. cxd5 Bf5 13. Nc4 Qa6 14. Nxd6 Qxd6
15. Bf4 Qd7 16. d6 Nc8 17. Be4 h6 18. Bxf5 Qxf5 19. Ne4 Qd5 20. Qg4 f5 21. Qh5
fxe4 22. Qxd5+ Nxd5 23. dxe4 Nxf4 24. gxf4 Nxd6 25. e5 Nb5 26. e6 Rxf4 27. e7
Re8 28. Rad1 Nd4 29. Rc1 Nf3+ 0-1

[Event "Korosztályos Bajnokság u12f"]
[Site "Balatonlelle"]
[Date "2015.06.20"]
[Round "3.9"]
[White "Virag, Balint"]
[Black "Bakos, Balazs"]
[Result "0-1"]
[WhiteElo "1518"]
[BlackElo "1769"]
[PlyCount "63"]
[EventDate "2015.06.18"]
[EventType "swiss"]
[EventRounds "9"]
[EventCountry "HUN"]

1. e4 c5 2. Nf3 e6 3. c4 Nc6 4. Nc3 a6 5. Be2 Qc7 6. O-O Nf6 7. d4 cxd4 8. Nxd4
Bb4 9. Nxc6 bxc6 10. Qc2 O-O 11. Bg5 Be7 12. f4 d6 13. Bd3 h6 14. Bh4 Re8 15.
Qf2 Rf8 16. Qg3 Nh5 17. Qh3 e5 18. f5 Nf4 19. Qg3 Bxh4 20. Qxh4 Nxd3 21. Rf3
Nf4 22. g3 Qb6+ 23. Kh1 Qxb2 24. Rg1 Ne2 25. Rf2 Qxc3 26. Rxe2 Qf3+ 27. Reg2
Rb8 28. g4 Rb2 29. g5 Rxg2 30. Rxg2 h5 31. g6 fxg6 32. Qe7 0-1

[Event "Korosztályos Bajnokság u12f"]
[Site "Balatonlelle"]
[Date "2015.06.20"]
[Round "3.10"]
[White "Szilagyi, Norbert"]
[Black "Blahota, Marcell"]
[Result "0-1"]
[WhiteElo "1634"]
[BlackElo "1472"]
[PlyCount "162"]
[EventDate "2015.06.18"]
[EventType "swiss"]
[EventRounds "9"]
[EventCountry "HUN"]

1. e4 c5 2. Nf3 Nc6 3. d4 cxd4 4. Nxd4 Nf6 5. Nc3 e5 6. Nf3 Bb4 7. Bd3 d5 8.
exd5 Qxd5 9. O-O Bxc3 10. bxc3 O-O 11. Bg5 e4 12. Bxf6 gxf6 13. c4 Qf5 14. Re1
exd3 15. cxd3 Be6 16. Rc1 Rad8 17. d4 Bc8 18. h3 Rfe8 19. Rxe8+ Rxe8 20. d5 Ne5
21. Nd4 Qd3 22. Qa4 Rd8 23. Qxa7 Nxc4 24. Qc5 Ne5 25. Rc3 Qe4 26. Rg3+ Ng6 27.
Rc3 Qe1+ 28. Kh2 Qe5+ 29. Kg1 Bf5 30. d6 Be6 31. Nb5 Nf4 32. Rg3+ Kf8 33. Qb6
Ne2+ 34. Kh2 Rd7 35. Qa5 Nxg3 36. fxg3 Bc4 37. Qa8+ Kg7 38. Nc7 Bd5 39. Ne8+
Kg6 40. Nc7 Qxd6 41. Qg8+ Kh6 42. Nxd5 Qxd5 43. Qf8+ Kg6 44. Qg8+ Kf5 45. Qg4+
Ke5 46. Qf4+ Ke6 47. Qe3+ Qe5 48. Qb6+ Ke7 49. Qb4+ Ke8 50. Qa4 b5 51. Qa8+ Rd8
52. Qc6+ Kf8 53. Qc2 f5 54. Qc1 Rd3 55. Qh6+ Ke7 56. Qg5+ Kf8 57. Qh6+ Qg7 58.
Qf4 Qd4 59. Qh6+ Ke8 60. Qc6+ Ke7 61. Qc7+ Kf6 62. Qc6+ Kg7 63. Qc1 Rd1 64.
Qg5+ Kf8 65. Qh6+ Ke8 66. Qc6+ Ke7 67. Qb7+ Kf6 68. Qc6+ Kg7 69. g4 Qf4+ 70. g3
Rd2+ 71. Qg2 Rxg2+ 72. Kxg2 Qd2+ 73. Kf3 fxg4+ 74. Kxg4 Qxa2 75. h4 b4 76. h5
b3 77. Kg5 b2 78. h6+ Kf8 79. Kh5 b1=Q 80. g4 Qh1+ 81. Kg5 Qad5+ 0-1

[Event "Korosztályos Bajnokság u12f"]
[Site "Balatonlelle"]
[Date "2015.06.20"]
[Round "3.11"]
[White "Geher, Koppany"]
[Black "Fabian, Bence"]
[Result "1-0"]
[WhiteElo "1615"]
[BlackElo "1427"]
[PlyCount "51"]
[EventDate "2015.06.18"]
[EventType "swiss"]
[EventRounds "9"]
[EventCountry "HUN"]

1. e4 c6 2. d4 d5 3. exd5 cxd5 4. Bd3 Nc6 5. c3 Nf6 6. Bf4 e6 7. Nf3 Bd6 8.
Bxd6 Qxd6 9. O-O O-O 10. Re1 Qc7 11. Ne5 Nxe5 12. Rxe5 h6 13. Nd2 Qb6 14. Rb1
Bd7 15. f4 Qc7 16. g4 Bc6 17. Qf3 Nd7 18. Re3 Rfe8 19. g5 hxg5 20. fxg5 e5 21.
Qh5 e4 22. Rh3 f6 23. Nxe4 dxe4 24. Bc4+ Bd5 25. Bxd5+ Re6 26. Bxe6+ 1-0

[Event "Korosztályos Bajnokság u12f"]
[Site "Balatonlelle"]
[Date "2015.06.20"]
[Round "3.12"]
[White "Palczert, Botond"]
[Black "Bako, Martin"]
[Result "1-0"]
[WhiteElo "1614"]
[BlackElo "1421"]
[PlyCount "115"]
[EventDate "2015.06.18"]
[EventType "swiss"]
[EventRounds "9"]
[EventCountry "HUN"]

1. e4 d6 2. d4 Nf6 3. Nc3 g6 4. f4 Bg7 5. Nf3 a6 6. a4 b6 7. d5 c6 8. e5 Nxd5
9. Nxd5 cxd5 10. Qxd5 Ra7 11. Ng5 O-O 12. e6 fxe6 13. Nxe6 Bxe6 14. Qxe6+ Kh8
15. Bd3 Rf6 16. Qe3 Bh6 17. O-O e5 18. Qg3 exf4 19. Bxf4 Bxf4 20. Rxf4 Raf7 21.
Raf1 Qf8 22. Rxf6 Rxf6 23. Qh4 Rxf1+ 24. Bxf1 a5 25. Qd4+ Qg7 26. Qxb6 Nd7 27.
Qd8+ Nf8 28. Qxd6 Qa7+ 29. Kh1 Qg7 30. c4 Qf7 31. Bd3 Qe8 32. Qd4+ Kg8 33. Be4
Ne6 34. Bd5 Qf7 35. Bxe6 Qxe6 36. Qd5 Qxd5 37. cxd5 Kf7 38. Kg1 Ke7 39. Kf2 Kd6
40. Ke3 Kxd5 41. Kd3 Kc5 42. Kc3 h5 43. h4 Kd5 44. b4 axb4+ 45. Kxb4 Kc6 46. a5
Kb7 47. Kc5 Ka6 48. Kd6 Kxa5 49. Ke6 Kb5 50. Kf6 Kc6 51. Kxg6 Kd6 52. Kxh5 Ke7
53. g4 Kf7 54. Kh6 Kg8 55. g5 Kh8 56. g6 Kg8 57. g7 Kf7 58. Kh7 1-0

[Event "Korosztályos Bajnokság u12f"]
[Site "Balatonlelle"]
[Date "2015.06.20"]
[Round "3.13"]
[White "Csontos, David"]
[Black "Forgacs, Attila Jr"]
[Result "1-0"]
[WhiteElo "1602"]
[BlackElo "1372"]
[PlyCount "97"]
[EventDate "2015.06.18"]
[EventType "swiss"]
[EventRounds "9"]
[EventCountry "HUN"]

1. e4 e5 2. Nf3 Nc6 3. Bb5 a6 4. Ba4 Nf6 5. O-O b5 6. Bb3 Bc5 7. c3 d6 8. d4
Bb6 9. dxe5 Nxe5 10. Nxe5 dxe5 11. Qxd8+ Kxd8 12. Bxf7 Ke7 13. Bb3 Bb7 14. Bg5
h6 15. Bxf6+ gxf6 16. Bc2 Rhg8 17. Nd2 f5 18. g3 f4 19. Kg2 Raf8 20. Nf3 fxg3
21. fxg3 Rd8 22. Rad1 Rxd1 23. Rxd1 Kf6 24. Rd7 Bc8 25. Rh7 Be3 26. Rxc7 Rd8
27. Rc6+ Ke7 28. Kf1 Rf8 29. Kg2 Bg4 30. Bd1 Rd8 31. Be2 Rd6 32. Rxd6 Kxd6 33.
Nh4 Be6 34. c4 bxc4 35. Bxc4 Bxc4 36. Nf5+ Ke6 37. Nxe3 Bxa2 38. Nf5 h5 39.
Ng7+ Kd6 40. Nxh5 Kc5 41. Nf6 Kc4 42. Nd7 Kd4 43. Kf3 Bb1 44. Nf6 Kd3 45. h4
Kc2 46. b4 Kc3 47. h5 Ba2 48. h6 Bf7 49. h7 1-0

[Event "Korosztályos Bajnokság u12f"]
[Site "Balatonlelle"]
[Date "2015.06.20"]
[Round "3.16"]
[White "Karko, Balint"]
[Black "Forgacs, Andras"]
[Result "0-1"]
[WhiteElo "1290"]
[BlackElo "1699"]
[PlyCount "60"]
[EventDate "2015.06.18"]
[EventType "swiss"]
[EventRounds "9"]
[EventCountry "HUN"]

1. d4 Nf6 2. Nf3 g6 3. Nbd2 Bg7 4. e4 d6 5. Bd3 Nbd7 6. b3 e5 7. Bb2 exd4 8.
Nxd4 Nc5 9. N2f3 O-O 10. e5 Re8 11. Ne2 Nfd7 12. Bc4 Nxe5 13. Nxe5 dxe5 14. h4
Be6 15. Bxe6 Qxd1+ 16. Rxd1 Rxe6 17. g4 h6 18. O-O Ra6 19. a3 Rd6 20. Rxd6 cxd6
21. b4 Na4 22. Bc1 Rc8 23. f4 Rxc2 24. Re1 e4 25. Ng3 d5 26. h5 Bd4+ 27. Kh1
Bf2 28. Rf1 Bxg3 29. hxg6 fxg6 30. f5 Nc3 0-1

[Event "Korosztályos Bajnokság u12f"]
[Site "Balatonlelle"]
[Date "2015.06.20"]
[Round "3.17"]
[White "Lakatos, Tamas"]
[Black "Bartok, David Dominik"]
[Result "0-1"]
[WhiteElo "1559"]
[BlackElo "1560"]
[PlyCount "104"]
[EventDate "2015.06.18"]
[EventType "swiss"]
[EventRounds "9"]
[EventCountry "HUN"]

1. e4 c6 2. d4 d5 3. exd5 cxd5 4. Nc3 Nf6 5. Be2 Bf5 6. Nf3 e6 7. Bf4 Bb4 8.
Bd2 Nc6 9. Bb5 O-O 10. Bxc6 bxc6 11. a3 Bd6 12. Bg5 h6 13. Bxf6 Qxf6 14. h3
Rab8 15. b4 Qe7 16. O-O f6 17. Nb1 Qc7 18. c3 e5 19. Re1 e4 20. Nfd2 Bc8 21.
Nf1 Ba6 22. Nbd2 f5 23. Rc1 Bf4 24. Ra1 Bd3 25. Nb3 Bd6 26. a4 Bxf1 27. Rxf1 f4
28. Nc5 Bxc5 29. dxc5 f3 30. g3 e3 31. Qd4 e2 32. Rfe1 Qd7 33. Kh2 Rbe8 34. b5
Re4 35. Qd3 Rc4 36. Qe3 Qe8 37. Qxe8 Rxe8 38. b6 Rxc5 39. b7 Rxc3 40. Rab1 Rb8
41. g4 Kf7 42. Kg3 g5 43. a5 Ke6 44. a6 Kd6 45. h4 d4 46. Rec1 Rxc1 47. Rxc1
Rf8 48. hxg5 hxg5 49. Rb1 Kc7 50. Rc1 Kb8 51. Rxc6 e1=Q 52. Rc8+ Rxc8 0-1